| 000 | 00879nam a2200253Ia 4500 | ||
|---|---|---|---|
| 003 | OSt | ||
| 005 | 20221005113442.0 | ||
| 006 | a|||||r|||| 00| 0 | ||
| 007 | ta | ||
| 008 | 221004b |||||||| |||| 00| 0 pan d | ||
| 020 |
_a978817109 (hbk) _c225 |
||
| 024 | _a117390 | ||
| 037 |
_b574, 03/02/2012, H.K. Prakashan _cTextual |
||
| 040 |
_aCRL _cCRL _bpan |
||
| 041 |
_2pan _apan |
||
| 082 | _aO153,3N501,CD, Q1 | ||
| 100 | _aਬਰਾੜ, ਨਛੱਤਰ ਸਿੰਘ | ||
| 245 | 0 | _aਚਿੱਠੀਆਂ ਦੀ ਸਗ਼ਾ | |
| 260 |
_aਲੁਧਿਆਣਾ _bਚੇਤਨਾ ਪ੍ਰਕਾਨ ਭਾਰਤ _c2011 |
||
| 300 |
_a205ਪੰ _ccm. |
||
| 650 | _aਪੰਜਾਬੀ ਸਾਹਿਤ | ||
| 942 |
_hO153,3N501,CD, Q1 _cTEXL _2cc |
||
| 999 |
_c1028232 _d1028232 |
||